| 000 | 00829nam a2200241 4500 | ||
|---|---|---|---|
| 001 | 109624 | ||
| 003 | ES-MaACL | ||
| 005 | 20230906184858.0 | ||
| 007 | t| | ||
| 008 | 061121s1986 sp r ||||1| spa d | ||
| 020 | _a84-85887-95-6 | ||
| 100 | 1 |
_aMuniesa i Brito, Bernat. _984200 |
|
| 245 | 1 | 3 |
_aLa burguesía catalana ante la II República española / _cBernat Muniesa; prólogo de Antoni Jutglar. |
| 250 | _a1ª. ed. | ||
| 260 |
_aBarcelona : _bAnthropos, _c1986. |
||
| 300 |
_a2v. ; _c20 cm. |
||
| 490 | 1 |
_aHistoria, ideas y textos ; _v10 y 12 |
|
| 500 | _aContiene : Vol. 1 `Il trovatore` frente a Wotan. Vol. 2 El triunfo de Wagner sobre Verdi. | ||
| 700 | 1 |
_aJutglar, Antoni. _967368 |
|
| 830 | 0 |
_aHistoria, ideas y textos ; _v10 y 12 _9177280 |
|
| 852 |
_aES-MaACL _jL-11521-2 _bR.110854 |
||
| 999 |
_c109624 _d109624 |
||